Normal view
MARC view
Entry Personal Name
001 - CONTROL NUMBER
- control field: 9026
003 - CONTROL NUMBER IDENTIFIER
- control field: BD-RjUL
005 - DATE AND TIME OF LATEST TRANSACTION
- control field: 20230918114634.0
008 - FIXED-LENGTH DATA ELEMENTS
- fixed length control field: 230918|| aca||aabn | a|a d
040 ## - CATALOGING SOURCE
- Original cataloging agency: BD-RjUL
- Transcribing agency: BD-RjUL
100 ## - HEADING--PERSONAL NAME
- Personal name: Hossain, Md. Ripter, Co-Supervisor
670 ## - SOURCE DATA FOUND
- Source citation: Work cat.: (BD-RjUL)81931: Matin, Md. Abdul 3252, Study of Climate Variability and Agriculture Drought in Bangladesh /, 2013